Khung trời mây trắng Thơ
v...v
Đã lưu trong:
| Tác giả chính: | |
|---|---|
| Định dạng: | Sách |
| Năm xuất bản: |
H.
Văn học
2007
|
| Chủ đề: | |
| Tags: |
Thêm thẻ
Không có thẻ, Hãy là người đầu tiên gắn thẻ bản ghi này!
|
| LEADER | 00809nam a2200193 4500 | ||
|---|---|---|---|
| 082 | |a 895.92214 |b PH104B | ||
| 100 | |a Phạm Bá Nhơn | ||
| 245 | |a Khung trời mây trắng |c Phạm Bá Nhơn |b Thơ | ||
| 260 | |a H. |b Văn học |c 2007 | ||
| 300 | |a 191 tr. |c 19 cm | ||
| 520 | |a v...v | ||
| 653 | |a Văn học hiện đại | ||
| 653 | |a Thế kỷ XXI | ||
| 653 | |a Việt Nam | ||
| 653 | |a Thơ | ||
| 942 | |2 ddc |c STK0 | ||
| 999 | |c 4482 |d 4482 | ||
| 952 | |0 0 |1 0 |2 ddc |4 0 |6 895_922140000000000_PH104B |7 0 |8 800 |9 43769 |a qbu |b qbu |c D5 |d 2014-12-19 |g 50000 |o 895.92214 PH104B |p 3916.C1 |r 0000-00-00 |w 2014-12-19 |y STK0 |0 0 |6 895_922140000000000_PH104B | ||
| 952 | |0 0 |1 0 |2 ddc |4 0 |6 895_922140000000000_PH104B |7 0 |8 800 |9 43770 |a qbu |b qbu |c D5 |d 2014-12-19 |g 50000 |o 895.92214 PH104B |p 3916.C2 |r 0000-00-00 |w 2014-12-19 |y STK0 |0 0 |6 895_922140000000000_PH104B | ||